000 00321 a2200145 4500
001 187243
020 _a
040 _cMagnum
100 _aAtié, Lourdes
240 1 0 _aSolo: a base da vida
_lpor
245 1 0 _aSolo: a base da vida
300 _a16
697 _aEDUCAÇÃO EM GERAL E DISCIPLINAS AFINS
942 _cBK
999 _c187243
_d187243